| 000 | 01109nmc a2200385 a 4500 | ||
|---|---|---|---|
| 003 | AR-BaBNM | ||
| 005 | 20251128205517.0 | ||
| 008 | 011101s1996 ||||||||||||||000 | spa|| | ||
| 020 | _a84-294-3608-1 | ||
| 040 | _cAR-BaBNM | ||
| 100 | 1 | _aJuárez Sánchez, Adoración | |
| 245 | 1 | 0 |
_aEstimulación del lenguaje oral _bun modelo interactivo para niños con dificultades |
| 250 | _a2ª ed. | ||
| 260 |
_aMadrid _bSantillana _c1996 |
||
| 300 | 0 |
_a228 p. _bdiagr. |
|
| 490 | 0 |
_aAula XXI _vv. 45 |
|
| 500 | 0 | _aContiene referencias bibliográficas | |
| 650 | 4 | _aEDUCACION ESPECIAL | |
| 650 | 4 | _aDESARROLLO DEL LENGUAJE | |
| 650 | 4 | _aLENGUAJE DEL NINO | |
| 650 | 4 | _aDIFICULTAD EN LA LECTURA | |
| 650 | 4 | _aDIFICULTADES EN EL APRENDIZAJE | |
| 650 | 4 | _aDISLEXIA | |
| 650 | 4 | _aPSICOLINGUISTICA | |
| 650 | 4 | _aFONETICA | |
| 653 | 0 | _aTRASTORNOS DEL LENGUAJE | |
| 653 | 0 | _aREEDUCACION | |
| 653 | 0 | _aTARTAMUDEZ | |
| 653 | 0 | _aDISCAPACIDAD MENTAL | |
| 653 | 0 | _aDISCAPACIDAD AUDITIVA | |
| 700 | 1 | _aMonfort, Marc | |
| 800 | 1 |
_aSánchez Cerezo, Sergio _edirector |
|
| 942 | _cBK | ||
| 998 | _cSILVI | ||
| 999 |
_c11692 _d11692 |
||